000 00499nam a2200193 a 4500
001 1761993633574
003 YourLibrary
005 20251101161252.0
008 251101s1957##################000#0#eng##
020 _a9780486202037
082 0 4 _a612.767
_bMUY
100 1 _aMuybridge, Eadweard,
_eauthor.
245 1 0 _aAnimals in Motion :
260 _bCourier Corporation,
_c1957.
300 _a449 pages
650 0 _aPhotography.
942 _cENGLISH
040 _aYourLibrary
_beng
_cYourLibrary
999 _c595085
_d595085